000
00328nam a2200145Ia 4500
008
210423s2008 xx 000 0 und d
041
_a
eng
082
_a
380.1 SHES
100
_a
SHERLEKAR ( S A).
245
_a
Modern marketing.
260
_c
2008
300
_a
xxiv,9.64
365
_c
INR
906
_a
marketing. ; Modern
999
_c
155222
_d
155222